| 000 | 00568nam a2200205Ia 4500 | ||
|---|---|---|---|
| 001 | 40010 | ||
| 008 | 140423s9999 xx 000 0 und d | ||
| 020 | _a8177588877 | ||
| 040 | _cPK-LaUMT | ||
| 082 |
_a 621.3815 _bBOG-E |
||
| 100 | _aBeasley, Jeffrey S. | ||
| 245 |
_aElectronic devices and circuits [+CD] _cBeasley, Jeffrey S.<>Bogart, Theodore F.<>Rico, Guillermo Rico |
||
| 250 | _a6th | ||
| 260 |
_aNew Delhi,India: _bPearson, _c2006 |
||
| 300 | _a877 p. | ||
| 546 | _aEN | ||
| 700 | _aBogart, Theodore F. | ||
| 700 | _aRico, Guillermo Rico | ||
| 942 | _cBK | ||
| 999 |
_c39311 _d39311 |
||